| 000 | 00604cam a22001457a 4500 | ||
|---|---|---|---|
| 008 | 180718b1995 xxu||||| |||| 00| 0 eng d | ||
| 082 | _aT19x5 sa41 | ||
| 100 | _aAssociation of Development Research and Training Institutes of Asia and Pacific General Meeting (11th: October 25-27, 1995: Kota Kinabalu Sabah, Malaysia) | ||
| 245 |
_aPerspectives on sustainable development in the Asia-pacific region: report _cedited by Syed Abdus Samad |
||
| 260 |
_aMalaysia _bKota Kinabalu Sabah _c1995 |
||
| 300 | _a168p. | ||
| 650 | _aEconomic development | ||
| 650 | _aSustainable development | ||
| 700 | _aSamad, Sye | ||
| 999 |
_c481533 _d481533 |
||